[Event "Decin op"]
[Site "Decin"]
[Date "1996.??.??"]
[Round "8"]
[White "Krapivin, Vladislav"]
[Black "Muhtarov, Leonid"]
[Result "1-0"]
[WhiteElo "2305"]
[BlackElo "2195"]
[PlyCount "72"]
[EventDate "1996.??.??"]
[Source "ChessBase"]

1. e4 c5 2. Nc3 Nc6 3. g3 g6 4. Bg2 Bg7 5. d3 e6 6. Be3 Nd4 7. Nce2 d6 8. c3 Nc6 9. Qd2 h5 10. h3 Nge7 11. Nf3 b6 12. d4 Ba6 13. O-O O-O 14. Rfd1 Qc7 15. Rac1 Rac8 16. Ng5 Rfd8 17. h4 Rb8 18. Nf4 e5 19. Nd5 Nxd5 20. exd5 exd4 21. cxd4 Ne7 22. dxc5 bxc5 23. b3 Nf5 24. Bf4 Qb6 25. Ne4 Qb4 26. Qxb4 Rxb4 27. Bd2 Rd4 28. Bg5 Rb8 29. Nf6+ Kh8 30. Re1 Bb7 31. Rc2 Bh6 32. Rce2 Kg7 33. Re8 Rxe8 34. Rxe8 Rd1+ 35. Kh2 Bxg5 36. hxg5 Nh6 1-0

[Event "Las Palmas Open"]
[Site "Las Palmas ESP"]
[Date "1994.??.??"]
[Round "?"]
[White "Solana Suarez, Ernesto"]
[Black "Calzetta Ruiz, Monica"]
[Result "1-0"]
[WhiteElo "2380"]
[BlackElo "2105"]
[PlyCount "69"]
[EventDate "1994.??.??"]
[Source "www.chesslib.no"]
[SourceDate "2004.05.04"]

1. e4 c5 2. Nc3 Nc6 3. g3 g6 4. Bg2 Bg7 5. d3 e6 6. Be3 Nd4 7. Nce2 Nxe2 8. Nxe2 d6 9. c3 Ne7 10. Qd2 O-O 11. h4 f5 12. Bh6 Rf7 13. h5 Qf8 14. hxg6 Nxg6 15. Bxg7 Rxg7 16. exf5 Qxf5 17. Be4 Qf7 18. O-O-O Bd7 19. f4 d5 20. Bxg6 Qxg6 21. Rh4 Re8 22. g4 b5 23. Rdh1 b4 24. cxb4 cxb4 25. Kb1 Bb5 26. R1h3 e5 27. f5 Qg5 28. Qd1 e4 29. dxe4 Bxe2 30. Qxe2 Rxe4 31. Qd1 Rd7 32. Rxh7 Rxh7 33. Qxd5+ Rf7 34. Qxe4 Qd8 35. Rd3 1-0

[Event "Open"]
[Site "Las Palmas op"]
[Date "1994.??.??"]
[Round "?"]
[White "Solana Suarez, Ernesto"]
[Black "Calzetta Ruiz, Monica"]
[Result "1-0"]
[WhiteElo "2380"]
[BlackElo "2105"]
[PlyCount "69"]
[EventDate "1994.??.??"]
[Source "www.chesslib.no"]
[SourceDate "2004.05.04"]

1. e4 c5 2. Nc3 Nc6 3. g3 g6 4. Bg2 Bg7 5. d3 e6 6. Be3 Nd4 7. Nce2 Nxe2 8. Nxe2 d6 9. c3 Ne7 10. Qd2 O-O 11. h4 f5 12. Bh6 Rf7 13. h5 Qf8 14. hxg6 Nxg6 15. Bxg7 Rxg7 16. exf5 Qxf5 17. Be4 Qf7 18. O-O-O Bd7 19. f4 d5 20. Bxg6 Qxg6 21. Rh4 Re8 22. g4 b5 23. Rdh1 b4 24. cxb4 cxb4 25. Kb1 h5 26. R1h2 Bc6 27. f5 Rc7 28. Qc2 Rce7 29. Nc3 Bd7 30. Qb3 Rh7 31. Qd1 Rf7 32. Rc2 exf5 33. Qe1 Qc6 34. Rf2 d4 35. Rf3 1-0

[Event "ESP-ch"]
[Site "Barcelona"]
[Date "2000.08.27"]
[Round "9"]
[White "Mate Adan, Carlos"]
[Black "Armengol Comas, Joaquim"]
[Result "0-1"]
[WhiteElo "2285"]
[BlackElo "2160"]
[PlyCount "108"]
[EventDate "2000.08.18"]
[Source "ChessBase"]
[SourceDate "2000.09.14"]

1. e4 c5 2. Nc3 Nc6 3. g3 g6 4. Bg2 Bg7 5. d3 e6 6. Be3 Nd4 7. Nce2 d6 8. c3 Nc6 9. Nf3 Nge7 10. O-O O-O 11. Qd2 b6 12. Rad1 d5 13. exd5 exd5 14. d4 c4 15. Bh6 Bf5 16. Bxg7 Kxg7 17. Ne5 Qc7 18. Rfe1 Nxe5 19. dxe5 Qxe5 20. Nd4 Qf6 21. Nxf5+ gxf5 22. f4 Rad8 23. Qe2 Rd7 24. Qe5 Rfd8 25. Rd2 Qxe5 26. Rxe5 f6 27. Re1 Kf7 28. Red1 Ke6 29. Kf2 Kd6 30. b3 b5 31. Ke3 Kc5 32. b4+ Kb6 33. Bf3 Rd6 34. h3 Rc6 35. a4 bxa4 36. Ra1 Kb5 37. Bd1 Ra6 38. Rda2 d4+ 39. cxd4 Nd5+ 40. Kf2 Nc3 41. Rc2 Nxd1+ 42. Rxd1 a3 43. Ke3 a2 44. Ra1 Ra3+ 45. Kf2 Rxd4 46. Rcxa2 Rxa2+ 47. Rxa2 c3 48. Ke1 Rxb4 49. Kd1 Rb1+ 50. Kc2 Rb2+ 51. Rxb2+ cxb2 52. g4 fxg4 53. hxg4 h6 54. Kxb2 Kc4 0-1

[Event "HUN-chT 0203"]
[Site "?"]
[Date "2002.10.13"]
[Round "2"]
[White "Letay Gyula"]
[Black "Jamrich Gyorgy"]
[Result "1-0"]
[WhiteElo "2195"]
[BlackElo "2247"]
[PlyCount "61"]
[EventDate "2002.??.??"]
[Source "www.chesslib.no"]
[SourceDate "2004.05.04"]

1. e4 c5 2. Nc3 Nc6 3. g3 g6 4. Bg2 Bg7 5. d3 e6 6. Be3 Nd4 7. Nce2 d6 8. c3 Nxe2 9. Nxe2 Ne7 10. O-O O-O 11. Qd2 Re8 12. Rad1 b6 13. e5 d5 14. f4 Qc7 15. d4 Ba6 16. Rfe1 Rac8 17. g4 Qd7 18. Ng3 Rc7 19. dxc5 bxc5 20. Ne4 c4 21. Nf6+ Bxf6 22. exf6 Nc6 23. f5 Qd8 24. Bg5 exf5 25. gxf5 Ne5 26. Qf4 h6 27. Rxe5 Rxe5 28. Qxe5 hxg5 29. fxg6 Bb7 30. Qxg5 fxg6 31. f7+ 1-0

[Event "Oberliga Ost-C 9596"]
[Site "GER"]
[Date "1996.??.??"]
[Round "?"]
[White "Roeberg, Frank"]
[Black "Rueger, Erhard"]
[Result "0-1"]
[WhiteElo "2275"]
[BlackElo "2150"]
[PlyCount "68"]
[EventDate "1995.10.??"]
[Source "www.chesslib.no"]
[SourceDate "2004.05.04"]

1. e4 c5 2. Nc3 Nc6 3. g3 g6 4. Bg2 Bg7 5. d3 e6 6. Be3 Nd4 7. Nce2 d6 8. c3 Nxe2 9. Nxe2 Rb8 10. O-O Ne7 11. d4 Qc7 12. Qd2 O-O 13. Rfd1 b6 14. a4 Bb7 15. a5 Rfc8 16. axb6 axb6 17. dxc5 dxc5 18. Qd6 Qxd6 19. Rxd6 Bc6 20. Ra7 Be5 21. Rd1 Rc7 22. Rxc7 Bxc7 23. Ra1 Ra8 24. Rxa8+ Bxa8 25. Bg5 Nc6 26. f4 e5 27. f5 Na5 28. fxg6 hxg6 29. Kf2 Nc4 30. b3 Nd6 31. Ke3 f5 32. Be7 Nxe4 33. g4 f4+ 34. Nxf4 exf4+ 0-1

[Event "Wisla"]
[Site "?"]
[Date "1998.??.??"]
[Round "?"]
[White "Wilczek Hubert"]
[Black "Markiewicz Jerzy"]
[Result "0-1"]
[WhiteElo "2170"]
[BlackElo "2230"]
[PlyCount "98"]
[EventDate "1998.??.??"]
[Source "www.chesslib.no"]
[SourceDate "2004.05.04"]

1. e4 c5 2. Nc3 Nc6 3. g3 g6 4. Bg2 Bg7 5. d3 e6 6. Be3 Nd4 7. Nce2 Ne7 8. c3 Nxe2 9. Nxe2 b6 10. O-O O-O 11. d4 cxd4 12. Bxd4 d6 13. Bxg7 Kxg7 14. Qd4+ e5 15. Qd3 Qc7 16. Rfd1 Rd8 17. c4 Bg4 18. f3 Be6 19. b3 Qc5+ 20. Kh1 a6 21. Nc3 Nc6 22. Rac1 Rac8 23. Bf1 h5 24. Na4 Qa5 25. Qc3 Qxc3 26. Rxc3 Rb8 27. Kg2 Nd4 28. Rd2 b5 29. Nb2 Rdc8 30. h3 f5 31. Re3 h4 32. exf5 Nxf5 33. Re1 hxg3 34. cxb5 axb5 35. f4 Rc3 36. Nd1 Nh4+ 37. Kh1 Rc5 38. Bg2 Rbc8 39. Rxd6 Rc2 40. Be4 Rh2+ 41. Kg1 Bf5 42. Bb7 Rc7 43. Bd5 exf4 44. Rf1 g5 45. Rd8 Rcc2 46. Rg8+ Kh7 47. Rxg5 Rcg2+ 48. Bxg2 Rxg2+ 49. Kh1 Be4 0-1

[Event "HUN-chT2 9900"]
[Site "?"]
[Date "2000.02.27"]
[Round "8"]
[White "Antal Jozsef"]
[Black "Molnar Emil"]
[Result "0-1"]
[WhiteElo "2174"]
[BlackElo "2177"]
[PlyCount "79"]
[EventDate "2000.??.??"]
[Source "www.chesslib.no"]
[SourceDate "2004.05.04"]

1. e4 c5 2. Nc3 Nc6 3. g3 g6 4. Bg2 Bg7 5. d3 e6 6. Be3 Nd4 7. Nce2 Ne7 8. c3 Nxe2 9. Nxe2 b6 10. f4 Bb7 11. O-O d5 12. e5 Qd7 13. d4 Nf5 14. Bf2 Rc8 15. g4 Ne7 16. Ng3 f5 17. gxf5 Nxf5 18. Nxf5 gxf5 19. Qh5+ Qf7 20. Bf3 Qxh5 21. Bxh5+ Kd7 22. Rac1 Ba6 23. Rfe1 Bh6 24. Be3 Bd3 25. Kf2 Rc7 26. Rg1 Rhc8 27. Bf7 cxd4 28. cxd4 Rc2+ 29. Kg3 Be4 30. Rxc2 Rxc2 31. Bc1 Bf8 32. a3 a5 33. h4 b5 34. Bh5 Be7 35. Kh3 a4 36. Kg3 Bd8 37. Bf3 Bb6 38. Be3 Rxb2 39. Bxe4 dxe4 40. Ra1 0-1

[Event "CZE-chTJ 9900"]
[Site "?"]
[Date "1999.??.??"]
[Round "?"]
[White "Jandecka Tomas"]
[Black "Vachal Josef"]
[Result "1/2-1/2"]
[WhiteElo "2146"]
[BlackElo "2195"]
[PlyCount "80"]
[EventDate "1999.??.??"]
[Source "www.chesslib.no"]
[SourceDate "2004.05.04"]

1. e4 c5 2. Nc3 Nc6 3. g3 g6 4. Bg2 Bg7 5. d3 e6 6. Be3 Nd4 7. Nce2 d6 8. c3 Nxe2 9. Nxe2 Ne7 10. d4 b6 11. e5 d5 12. dxc5 Bxe5 13. cxb6 axb6 14. Bd4 Bxd4 15. Nxd4 Ba6 16. f4 O-O 17. Kf2 Qd6 18. Qd2 Nc6 19. Rhe1 Rac8 20. Nxc6 Qxc6 21. Bf3 Rfd8 22. Rad1 Bc4 23. b3 Ba6 24. Re3 Qc5 25. Kg2 Bb7 26. h4 d4 27. cxd4 Bxf3+ 28. Kxf3 Qc6+ 29. Kf2 Rd7 30. h5 Qb5 31. hxg6 hxg6 32. Rc3 Rcd8 33. Rd3 Qf5 34. Qe3 Rd5 35. Rh1 Qf6 36. Rhd1 g5 37. Ke2 gxf4 38. gxf4 Kf8 39. Qf2 Ke7 40. R1d2 Rg8 1/2-1/2

[Event "Hollabrunn op"]
[Site "?"]
[Date "1998.??.??"]
[Round "3"]
[White "Neumeier Klaus"]
[Black "Cretu Alina"]
[Result "1/2-1/2"]
[WhiteElo "2255"]
[BlackElo "2075"]
[PlyCount "112"]
[EventDate "1998.??.??"]
[Source "www.chesslib.no"]
[SourceDate "2004.05.04"]

1. e4 c5 2. Nc3 Nc6 3. g3 g6 4. Bg2 Bg7 5. d3 e6 6. Be3 Nd4 7. Nce2 d5 8. exd5 exd5 9. Bxd4 cxd4 10. Nf4 Ne7 11. Qf3 Be6 12. Nxe6 fxe6 13. Nh3 Nf5 14. Qe2 Kf7 15. O-O Re8 16. Rae1 Rc8 17. Nf4 Qd6 18. Bh3 Bh6 19. Ng2 Qc6 20. Qf3 Kg7 21. g4 Nd6 22. g5 Bxg5 23. Bxe6 Rcd8 24. Bxd5 Qd7 25. Nf4 Bxf4 26. Qxf4 Nf5 27. Re5 Rxe5 28. Qxe5+ Kh6 29. Be6 Qd6 30. Qxd6 Nxd6 31. Re1 Re8 32. Kf1 Kg5 33. c4 dxc3 34. bxc3 Kf4 35. c4 b6 36. d4 Ne4 37. d5 Nd2+ 38. Kg2 Nxc4 39. Rc1 b5 40. a4 a6 41. axb5 axb5 42. Bd7 Rb8 43. Bxb5 Rxb5 44. Rxc4+ Ke5 45. Rc7 h5 46. Rg7 Rb6 47. Rd7 Rd6 48. Rxd6 Kxd6 49. Kf3 Kxd5 50. Kf4 Ke6 51. Kg5 Kf7 52. h4 Kg7 53. f3 Kf7 54. f4 Kg7 55. f5 gxf5 56. Kxf5 Kh6 1/2-1/2

[Event "Bad Zwesten GER"]
[Site "?"]
[Date "1998.??.??"]
[Round "6"]
[White "Dolzhikova Olga"]
[Black "Wahedi Ahmad Siar"]
[Result "1/2-1/2"]
[WhiteElo "2185"]
[BlackElo "2125"]
[PlyCount "50"]
[EventDate "1998.??.??"]
[Source "www.chesslib.no"]
[SourceDate "2004.05.04"]

1. e4 c5 2. Nc3 Nc6 3. g3 g6 4. Bg2 Bg7 5. d3 e6 6. Be3 Nd4 7. Nce2 d6 8. c3 Nxe2 9. Nxe2 Qc7 10. O-O Ne7 11. Qd2 O-O 12. Bh6 Rb8 13. d4 b6 14. Bxg7 Kxg7 15. f4 Bb7 16. Rad1 Rbd8 17. Qe3 Rfe8 18. Qf2 f5 19. dxc5 dxc5 20. exf5 exf5 21. Bxb7 Qxb7 22. Nc1 Nd5 23. Rfe1 Rxe1+ 24. Rxe1 Nf6 25. Qe2 Ne4 1/2-1/2

[Event "It (Open) Southend ENG"]
[Site "?"]
[Date "2006.04.14"]
[Round "2"]
[White "Fox Anthony"]
[Black "Wallace John Paul"]
[Result "1/2-1/2"]
[WhiteElo "2096"]
[BlackElo "2209"]
[PlyCount "109"]
[EventDate "2006.??.??"]
[Source "www.chesslib.no"]
[SourceDate "2004.05.04"]

1. e4 c5 2. Nc3 Nc6 3. g3 g6 4. Bg2 Bg7 5. d3 e6 6. Be3 Nd4 7. Nce2 Nxe2 8. Nxe2 d6 9. c3 Ne7 10. Qd2 h5 11. h3 Qc7 12. O-O b6 13. f4 Bb7 14. a3 f5 15. Rad1 O-O-O 16. b4 h4 17. gxh4 Bf6 18. Qa2 d5 19. bxc5 bxc5 20. Rb1 Ba6 21. Rfd1 Bxh4 22. e5 Rhg8 23. Rb2 g5 24. Qb3 g4 25. hxg4 Rxg4 26. Kf1 Kd7 27. Bf3 Rg7 28. Qa4+ Qc6 29. Qa5 Rc8 30. c4 Ng6 31. Nc3 Bd8 32. cxd5 exd5 33. Qa4 Qxa4 34. Nxa4 d4 35. Bb7 dxe3 36. Bxa6 Rc7 37. Rg2 Ke8 38. Bb5+ Kf8 39. Re1 Be7 40. Rxe3 Rb7 41. Nc3 Nxf4 42. Rxg7 Kxg7 43. Rf3 Bg5 44. Bc4 Kg6 45. Bb5 Ne6 46. Be8+ Kh6 47. Rxf5 Re7 48. Ba4 Nd4 49. Rf8 Rxe5 50. Ne4 Be7 51. Rf4 Ne6 52. Rf7 Nd4 53. Rf4 Ne6 54. Rf7 Nd4 55. Rf4 1/2-1/2

[Event "Catalunya Team Ch"]
[Site "Catalunya"]
[Date "1996.??.??"]
[Round "?"]
[White "Sanpera Bonet, Juan Carlos"]
[Black "Oussama, Omar"]
[Result "1-0"]
[WhiteElo "2115"]
[BlackElo "2190"]
[PlyCount "95"]
[EventDate "1996.??.??"]
[Source "www.chesslib.no"]
[SourceDate "2004.05.04"]

1. e4 c5 2. Nc3 Nc6 3. g3 g6 4. Bg2 Bg7 5. d3 e6 6. Be3 Nd4 7. Nce2 e5 8. c3 Ne6 9. Nf3 Ne7 10. d4 exd4 11. cxd4 d5 12. dxc5 dxe4 13. Qxd8+ Nxd8 14. Nfd4 f5 15. Nf4 O-O 16. O-O-O Nec6 17. f3 g5 18. Nd5 f4 19. gxf4 gxf4 20. Nxc6 Nxc6 21. Bxf4 Rxf4 22. Nxf4 Bh6 23. fxe4 Bxf4+ 24. Kb1 Be6 25. h4 Rd8 26. Rxd8+ Nxd8 27. Bh3 Bxh3 28. Rxh3 Ne6 29. Rd3 Nxc5 30. Rd8+ Kg7 31. b4 Nxe4 32. Rd7+ Kg6 33. Rxb7 Nc3+ 34. Kb2 Be5 35. Kb3 h5 36. Rxa7 Ne4 37. b5 Bd4 38. Rc7 Kf5 39. Rc6 Kg4 40. Kb4 Nd2 41. b6 Kxh4 42. b7 Be5 43. a4 Kg3 44. a5 h4 45. a6 Bb8 46. Rc8 Bd6+ 47. Kb5 Nf3 48. a7 1-0

[Event "Polanica Zdroj"]
[Site "?"]
[Date "1999.??.??"]
[Round "5"]
[White "Wilczek Hubert"]
[Black "Janik Robert"]
[Result "1/2-1/2"]
[WhiteElo "2178"]
[BlackElo "2120"]
[PlyCount "40"]
[EventDate "1999.??.??"]
[Source "www.chesslib.no"]
[SourceDate "2004.05.04"]

1. e4 c5 2. Nc3 Nc6 3. g3 g6 4. Bg2 Bg7 5. d3 e6 6. Be3 Nd4 7. Nce2 Ne7 8. c3 Nxe2 9. Nxe2 d6 10. Qd2 Qb6 11. d4 O-O 12. O-O cxd4 13. Nxd4 Qa6 14. Rfd1 d5 15. Nb3 b6 16. Bg5 f6 17. exd5 Bb7 18. d6 Nf5 19. Bxb7 Qxb7 20. Be3 Rad8 1/2-1/2

[Event "CZE-chT2V 9899"]
[Site "?"]
[Date "1998.??.??"]
[Round "?"]
[White "Koubek Vaclav Sr"]
[Black "Vaculik Martin"]
[Result "1-0"]
[WhiteElo "2130"]
[BlackElo "2125"]
[PlyCount "67"]
[EventDate "1998.??.??"]
[Source "www.chesslib.no"]
[SourceDate "2004.05.04"]

1. e4 c5 2. Nc3 Nc6 3. g3 g6 4. Bg2 Bg7 5. d3 e6 6. Be3 Nd4 7. Nce2 Qb6 8. c3 Nxe2 9. Qxe2 Ne7 10. Nf3 d5 11. O-O d4 12. cxd4 cxd4 13. Bf4 O-O 14. Be5 Bxe5 15. Nxe5 Qb5 16. f4 Nc6 17. Nxc6 bxc6 18. e5 Ba6 19. a4 Qb6 20. g4 Rab8 21. Rab1 Qb3 22. Be4 f5 23. exf6 Rxf6 24. Rf3 c5 25. f5 g5 26. h4 gxh4 27. g5 Rxf5 28. Rxf5 exf5 29. Bxf5 Rb6 30. Qe8+ Kg7 31. Qe5+ Kg8 32. Rf1 Qf7 33. Be4 Re6 34. Bxh7+ 1-0

[Event "Dato Arthur Tan Malaysian Op"]
[Site "Kuala Lumpur MAS"]
[Date "2007.08.26"]
[Round "11"]
[White "Ramnath, B."]
[Black "Lomibao, S."]
[Result "1-0"]
[WhiteElo "2080"]
[BlackElo "2174"]
[PlyCount "87"]
[EventDate "2007.08.20"]
[Source "www.chesslib.no"]
[SourceDate "2004.05.04"]

1. e4 c5 2. Nc3 Nc6 3. g3 g6 4. Bg2 Bg7 5. d3 e6 6. Be3 Nd4 7. Nce2 Ne7 8. c3 Nxe2 9. Nxe2 d6 10. Qd2 O-O 11. h4 f6 12. h5 g5 13. h6 Bh8 14. Bh3 e5 15. Bxc8 Rxc8 16. f4 gxf4 17. gxf4 f5 18. Rg1+ Kf7 19. O-O-O Qa5 20. Kb1 Rc6 21. fxe5 dxe5 22. exf5 Nxf5 23. Rdf1 Ke8 24. Ng3 Nxe3 25. Qxe3 Qb6 26. Ne4 Rxh6 27. Rxf8+ Kxf8 28. Rf1+ Rf6 29. Nxf6 Bxf6 30. Qh6+ Ke7 31. Qxh7+ Kd8 32. Qf7 Be7 33. Qd5+ Qd6 34. Qxd6+ Bxd6 35. Rf7 Kc8 36. Kc2 a6 37. Kd2 Kb8 38. Ke3 Ka7 39. Ke4 Kb6 40. Kd5 Bb8 41. Rf8 Ba7 42. Ra8 a5 43. Rxa7 Kxa7 44. Kxe5 1-0

[Event "ISR-ch U18"]
[Site "Petah Tiqwa"]
[Date "1997.??.??"]
[Round "8"]
[White "Bar, Andrey"]
[Black "Milavsky, Maxim"]
[Result "0-1"]
[WhiteElo "2055"]
[BlackElo "2175"]
[PlyCount "75"]
[EventDate "1997.04.13"]
[Source "ChessBase"]
[SourceDate "1997.07.29"]

1. e4 c5 2. Nc3 Nc6 3. g3 g6 4. Bg2 Bg7 5. d3 e6 6. Be3 Nd4 7. Nce2 Ne7 8. c3 Nxe2 9. Nxe2 d6 10. d4 cxd4 11. Nxd4 d5 12. Nb3 O-O 13. Bc5 b6 14. Ba3 Ba6 15. Qd2 Qc7 16. O-O-O Rad8 17. Bxe7 Qxe7 18. exd5 exd5 19. Rhe1 Qf6 20. f4 Bc4 21. Nd4 Qd6 22. Kb1 a5 23. Qe3 a4 24. a3 Rd7 25. g4 Qc5 26. f5 Bf6 27. fxg6 hxg6 28. Qf2 Bg7 29. h4 Re7 30. Rxe7 Qxe7 31. Nc6 Qe6 32. Nb4 Qxg4 33. Rd2 d4 34. cxd4 Bh6 35. d5 Bxd2 36. Qxd2 Re8 37. Qc3 Bb3 38. Bf3 0-1

[Event "Copenhagen Open 16th"]
[Site "Copenhagen DEN"]
[Date "1994.??.??"]
[Round "8"]
[White "Alkaersig, Ole"]
[Black "Schreiber, Edwin"]
[Result "1-0"]
[WhiteElo "2190"]
[BlackElo "2025"]
[PlyCount "113"]
[EventDate "1994.06.??"]
[Source "www.chesslib.no"]
[SourceDate "2004.05.04"]

1. e4 c5 2. Nc3 Nc6 3. g3 g6 4. Bg2 Bg7 5. d3 e6 6. Be3 Nd4 7. Nce2 Ne7 8. c3 Nxe2 9. Nxe2 d6 10. Qd2 Qa5 11. O-O O-O 12. a3 Rb8 13. b4 Qc7 14. d4 b6 15. Rab1 f5 16. bxc5 bxc5 17. Rxb8 Qxb8 18. dxc5 dxc5 19. Bxc5 Qc7 20. Qd6 Qxd6 21. Bxd6 Re8 22. e5 Ba6 23. Re1 Bxe2 24. Rxe2 Nc8 25. Bc5 Bf8 26. Bxf8 Kxf8 27. Rd2 Ke7 28. Bc6 Rd8 29. Rxd8 Kxd8 30. f4 Ne7 31. Bf3 Kc7 32. Kf2 Kb6 33. Ke3 Kc5 34. Kd3 a5 35. h4 h6 36. h5 gxh5 37. Bxh5 Nd5 38. Bf7 Nc7 39. c4 Kc6 40. Kd4 Kb6 41. a4 Kc6 42. c5 Kd7 43. Bh5 Na6 44. Kc4 Nc7 45. Bf3 Kc8 46. c6 Kb8 47. Kc5 Kc8 48. Kb6 Kb8 49. Kxa5 Ka7 50. Kb4 Na6+ 51. Kb5 Nc7+ 52. Kc5 Ne8 53. Bh5 Nc7 54. Kd6 Nd5 55. Bf3 Nb6 56. c7 Ka6 57. Kxe6 1-0

[Event "Memorial E.Bykova (open) (w)"]
[Site "Vladimir (Russia)"]
[Date "2007.12.23"]
[Round "10"]
[White "Stetsko Lanita (BLR)"]
[Black "Ivanova Anna (RUS)"]
[Result "0-1"]
[WhiteElo "2017"]
[BlackElo "2186"]
[PlyCount "104"]
[EventDate "2007.??.??"]
[Source "www.chesslib.no"]
[SourceDate "2004.05.04"]

1. e4 c5 2. Nc3 Nc6 3. g3 g6 4. Bg2 Bg7 5. d3 e6 6. Be3 Nd4 7. Nce2 Ne7 8. c3 Nxe2 9. Nxe2 d6 10. O-O O-O 11. d4 cxd4 12. cxd4 d5 13. e5 b6 14. Nc3 Ba6 15. Re1 Qd7 16. Qd2 Nc6 17. f4 Kh8 18. g4 f5 19. exf6 Rxf6 20. Bf1 Bxf1 21. Rxf1 Rf7 22. Rad1 Na5 23. Rf2 Nc4 24. Qe2 Raf8 25. Rdf1 b5 26. b3 Nxe3 27. Qxe3 e5 28. fxe5 Qxg4+ 29. Kh1 Bh6 30. Rxf7 Bxe3 31. Rxf8+ Kg7 32. Nxb5 Qe4+ 33. R8f3 Bxd4 34. e6 Bb6 35. Nd6 Qxe6 36. Rf7+ Kh6 37. R7f6 Qd7 38. Nf5+ Kg5 39. Ng3 Qg4 40. Kg2 Bc7 41. R6f3 h5 42. h3 Qb4 43. Rd1 Bxg3 44. Rxg3+ Kh6 45. Rgd3 Qe4+ 46. Kf2 Qf4+ 47. Kg2 h4 48. Rxd5 Qg3+ 49. Kf1 Qxh3+ 50. Kf2 Qg3+ 51. Ke2 Qg2+ 52. Ke3 h3 0-1

[Event "Calvia Aficionados Grupo B U2300"]
[Site "?"]
[Date "2004.10.28"]
[Round "8"]
[White "Kruijf Caspar"]
[Black "Pons Servera Cristobal"]
[Result "0-1"]
[WhiteElo "2037"]
[BlackElo "2128"]
[PlyCount "106"]
[EventDate "2004.??.??"]
[Source "www.chesslib.no"]
[SourceDate "2004.05.04"]

1. e4 c5 2. Nc3 Nc6 3. g3 g6 4. Bg2 Bg7 5. d3 e6 6. Be3 Nd4 7. Nce2 d5 8. c3 Nxe2 9. Nxe2 d4 10. cxd4 cxd4 11. Bxd4 e5 12. Bc3 Ne7 13. d4 Qb6 14. dxe5 Be6 15. Qd4 Qa6 16. Qe3 Bc4 17. f4 Rd8 18. Nd4 O-O 19. Kf2 f6 20. exf6 Bxf6 21. b3 Bf7 22. Rhd1 g5 23. Bf1 gxf4 24. gxf4 Qb6 25. Ne2 Bh4+ 26. Ng3 Qh6 27. Kg1 Be6 28. Rxd8 Rxd8 29. Bc4 Bxc4 30. bxc4 Qe6 31. Qe2 Qh3 32. Qg2 Qxg2+ 33. Kxg2 Ng6 34. Rf1 Rc8 35. f5 Nf8 36. Rc1 Bg5 37. Re1 Rxc4 38. Bb2 h5 39. Re2 h4 40. Nf1 Nd7 41. e5 Nc5 42. e6 Nd3 43. Kh1 h3 44. e7 Bxe7 45. Rxe7 Rf4 46. Kg1 Nxb2 47. Rxb7 Nd3 48. Rxa7 Rf2 49. Ng3 Rg2+ 50. Kf1 Rxh2 51. Ra3 Rf2+ 52. Kg1 Rg2+ 53. Kf1 Rxg3 0-1

[Event "Moscow ol women"]
[Site "Moscow RUS"]
[Date "1994.??.??"]
[Round "12"]
[White "Milligan Scott, Helen"]
[Black "Ciuksyte, Dagne"]
[Result "0-1"]
[WhiteElo "2035"]
[BlackElo "2095"]
[PlyCount "84"]
[EventDate "1994.11.??"]
[Source "www.chesslib.no"]
[SourceDate "2004.05.04"]

1. e4 c5 2. Nc3 Nc6 3. g3 g6 4. Bg2 Bg7 5. d3 e6 6. Be3 Nd4 7. Nce2 Ne7 8. c3 Nxe2 9. Nxe2 d6 10. d4 cxd4 11. Nxd4 Bd7 12. f4 O-O 13. Qd2 Qa5 14. O-O Rad8 15. Rad1 Qa6 16. h3 Kh8 17. g4 e5 18. Ne2 Bb5 19. Rf2 f5 20. exf5 gxf5 21. fxe5 Bxe2 22. Rxe2 f4 23. Bd4 f3 24. Bxf3 Rxf3 25. exd6 Ng6 26. Bxg7+ Kxg7 27. Qd4+ Kg8 28. Qd5+ Rf7 29. Rf2 Rdd7 30. Rdf1 Qb6 31. Kh2 Ne5 32. Qe6 Qxd6 33. Qxd6 Rxd6 34. Rxf7 Nxf7 35. Rf2 Rd3 36. h4 Ne5 37. Re2 Nxg4+ 38. Kg2 Kf7 39. Re4 Nf6 40. Rb4 b6 41. a4 Nd5 42. Re4 Rd2+ 0-1

[Event "Mayors Cup Open"]
[Site "Mumbai IND"]
[Date "2008.05.14"]
[Round "5"]
[White "Shailendra, B."]
[Black "Kiranpal, S."]
[Result "1-0"]
[WhiteElo "2184"]
[BlackElo "1927"]
[PlyCount "79"]
[EventDate "2008.05.11"]
[Source "www.chesslib.no"]
[SourceDate "2004.05.04"]

1. e4 c5 2. Nc3 Nc6 3. g3 g6 4. Bg2 Bg7 5. d3 e6 6. Be3 Nd4 7. Nce2 Ne7 8. c3 Nxe2 9. Nxe2 d6 10. Qd2 O-O 11. Bh6 e5 12. h4 f6 13. Bxg7 Kxg7 14. h5 g5 15. h6+ Kh8 16. f4 gxf4 17. gxf4 Rg8 18. Bf3 Bg4 19. Qe3 Qd7 20. O-O-O Qe6 21. Kb1 b5 22. d4 exd4 23. cxd4 c4 24. d5 Qf7 25. f5 Nc8 26. Rdg1 Bxf3 27. Rxg8+ Qxg8 28. Qxf3 Qg5 29. Nd4 Rb8 30. Ne6 Qg8 31. Qc3 Qf7 32. Rg1 b4 33. Qxc4 Nb6 34. Qxb4 Qh5 35. Qxd6 Rc8 36. Nd8 Nd7 37. Qxd7 Rc7 38. Nf7+ Qxf7 39. Qd8+ Qf8 40. Qxf8# 1-0

[Event "Ellwangen (15.04.-22.04)"]
[Site "?"]
[Date "2000.??.??"]
[Round "3"]
[White "Bleher Walter"]
[Black "Rudnick Werner"]
[Result "0-1"]
[WhiteElo "1890"]
[BlackElo "2120"]
[PlyCount "108"]
[EventDate "2000.??.??"]
[Source "www.chesslib.no"]
[SourceDate "2004.05.04"]

1. e4 c5 2. Nc3 Nc6 3. g3 g6 4. Bg2 Bg7 5. d3 e6 6. Be3 Nd4 7. Nce2 Ne7 8. c3 Nxe2 9. Nxe2 b6 10. Qd2 h5 11. d4 cxd4 12. Bxd4 e5 13. Be3 Qc7 14. Rd1 Bb7 15. O-O h4 16. Qd6 Rc8 17. Bg5 Qxd6 18. Rxd6 Ba6 19. Re1 hxg3 20. fxg3 Rc6 21. Rd2 f6 22. Be3 Bh6 23. Bxh6 Rxh6 24. Nc1 Bc4 25. Red1 Be6 26. Nd3 Rd6 27. Nb4 Rxd2 28. Rxd2 Kf7 29. c4 Rh8 30. b3 Rc8 31. h4 a5 32. Nd5 Bxd5 33. exd5 d6 34. Bh3 f5 35. Rf2 Rh8 36. Bf1 Kg7 37. Be2 e4 38. Rf4 Kf6 39. Kf2 g5 40. hxg5+ Kxg5 41. Kg2 Ng6 42. Rf1 f4 43. Bd1 f3+ 44. Kf2 Rh2+ 45. Ke3 Kf5 46. Rf2 Rxf2 47. Kxf2 Ne5 48. Bc2 Ng4+ 49. Ke1 Ke5 50. a3 f2+ 51. Ke2 f1=Q+ 52. Kxf1 Ne3+ 53. Ke2 Nxc2 54. g4 Nd4+ 0-1

[Event "Muensterland"]
[Site "?"]
[Date "2004.02.14"]
[Round "6.4"]
[White "Eilers Jochen"]
[Black "Friese Henning"]
[Result "1/2-1/2"]
[WhiteElo "1889"]
[BlackElo "2081"]
[PlyCount "76"]
[EventDate "2004.??.??"]
[Source "www.chesslib.no"]
[SourceDate "2004.05.04"]

1. e4 c5 2. Nc3 Nc6 3. g3 g6 4. Bg2 Bg7 5. d3 e6 6. Be3 Nd4 7. Nce2 Ne7 8. c3 Nxe2 9. Nxe2 Qb6 10. Qd2 d5 11. d4 c4 12. O-O O-O 13. Rab1 Bd7 14. Bh6 dxe4 15. Bxg7 Kxg7 16. Bxe4 Bc6 17. Bxc6 Qxc6 18. Nf4 Rfd8 19. Rfe1 Rac8 20. h4 h5 21. Qe2 Nd5 22. Qe5+ Kg8 23. Re2 Qa6 24. a3 Nxf4 25. Qxf4 Rd5 26. Rbe1 Qb6 27. Qf6 Rf5 28. Qe7 Qc7 29. Qxc7 Rxc7 30. Re5 Rxe5 31. Rxe5 Kf8 32. Kg2 Ke7 33. Kf3 f6 34. Ra5 b6 35. Rb5 Kd6 36. a4 Kc6 37. Ke4 a6 38. Rb4 b5 1/2-1/2

[Event "Germany"]
[Site "?"]
[Date "2003.03.08"]
[Round "7.5"]
[White "Eilers Jochen"]
[Black "Hoge Reinhard"]
[Result "1-0"]
[WhiteElo "1927"]
[BlackElo "1971"]
[PlyCount "85"]
[EventDate "2003.??.??"]
[Source "www.chesslib.no"]
[SourceDate "2004.05.04"]

1. e4 c5 2. Nc3 Nc6 3. g3 g6 4. Bg2 Bg7 5. d3 e6 6. Be3 Nd4 7. Nce2 d5 8. c3 Nxe2 9. Nxe2 b6 10. exd5 exd5 11. O-O Ne7 12. d4 cxd4 13. Bxd4 Bxd4 14. Qxd4 O-O 15. Nf4 Qc7 16. Nxd5 Nxd5 17. Bxd5 Bh3 18. Rfe1 Rad8 19. c4 Rd7 20. Re3 Re7 21. Rae1 Rfe8 22. Rxe7 Rxe7 23. Rxe7 Qxe7 24. Qe4 Qf6 25. f4 b5 26. Qe8+ Kg7 27. Qe5 Qxe5 28. fxe5 bxc4 29. Bxc4 f6 30. exf6+ Kxf6 31. Kf2 Ke5 32. Ke3 g5 33. Bd3 h6 34. b4 Bg2 35. a4 h5 36. Bc4 h4 37. b5 Bb7 38. Be2 Bd5 39. Bf3 Bb3 40. a5 hxg3 41. hxg3 Kd6 42. Kd4 Be6 43. b6 1-0